|
|
|
|
| LEADER |
00000nam0a2200000 4500 |
| 001 |
326624 |
| 005 |
20231102003859.0 |
| 035 |
|
|
|a (RuTPU)RU\TPU\book\352284
|
| 090 |
|
|
|a 326624
|
| 100 |
|
|
|a 20170111d1962 m y0rusy50 ca
|
| 101 |
0 |
|
|a rus
|
| 102 |
|
|
|a RU
|
| 105 |
|
|
|a a z 001zy
|
| 200 |
1 |
|
|a История русского искусства XVIII в.
|f Н. Н. Коваленская
|g Московский государственный университет им. М. В. Ломоносова
|
| 210 |
|
|
|a Москва
|c Изд-во Московского ун-та
|d 1962
|
| 215 |
|
|
|a 285 с.
|c ил.
|
| 320 |
|
|
|a Библиогр.: с.276-283
|
| 606 |
|
|
|a Искусство
|x История
|2 stltpush
|3 (RuTPU)RU\TPU\subj\13188
|9 39839
|
| 610 |
1 |
|
|a русская культура
|
| 610 |
1 |
|
|a архитектура
|
| 610 |
1 |
|
|a русская живопись
|
| 610 |
1 |
|
|a декоративная живопись
|
| 610 |
1 |
|
|a скульптуры
|
| 610 |
1 |
|
|a жанры
|
| 610 |
1 |
|
|a 18 век
|
| 610 |
1 |
|
|a эстетика искусства
|
| 610 |
1 |
|
|a Россия
|
| 675 |
|
|
|a 7.03
|v 4
|
| 700 |
|
1 |
|a Коваленская
|b Н. Н.
|g Наталья Николаевна
|
| 712 |
0 |
2 |
|a Московский государственный университет им. М. В. Ломоносова
|2 stltpush
|3 (RuTPU)RU\TPU\col\7
|
| 801 |
|
1 |
|a RU
|b 63413507
|c 20170111
|
| 801 |
|
2 |
|a RU
|b 63413507
|c 20191213
|g RCR
|
| 942 |
|
|
|c BK
|